Hispánsko-americká literatúra

Bibliographic Details
Main Author: Franek, Ladislav, 1947- (Author)
Format: Book
Language:Slovak
PhysicalDescription:52 s. 21 cm
Published: Bratislava Metodické centrum v Bratislave 1999
ISBN:8080520615
Edition:2. vyd.
Subjects:

MARC

LEADER 00000cam a2200000 a 4500
001 vtls001380915
003 SK-MaSNL
005 20260301161357.0
008 251104s1999 xo f n 000 0 slo
015 |a SNBA2000/03-00844 
020 |a 8080520615 
035 |a SNK000334918 
035 |a urn:nbn:sk:snk-amkkju 
035 |a urn:nbn:sk:snk-am003d0q 
035 |a 1BB56A26-5B0E-46E1-BE9A-5876AAC45F15 
040 |a SNK  |b slo  |c SNK  |e AACR2 
041 0 |a slo 
044 |a xo  |c SK 
072 7 |a 821.134.2.09  |x Španielska literatúra, španielsky písaná (o nej)  |2 konspekt 
080 |a 860 (8)(072)  |2 1981 
080 |a 821.134.2(8+7)  |2 2011 
080 |a 821.134.2(8+7)(091)  |2 2011 
080 |a (048.8)  |2 2011 
100 1 |a Franek, Ladislav,  |d 1947-  |4 aut  |9 105370 
245 1 0 |a Hispánsko-americká literatúra  |c Ladislav Franek 
250 |a 2. vyd. 
260 |a Bratislava  |b Metodické centrum v Bratislave  |c 1999 
300 |a 52 s.  |c 21 cm 
366 |e 350 kusov 
504 |a Obsahuje bibliogr. na s. 52 
650 0 7 |a hispánskoamerické literatúry  |2 SNKPH  |9 131904 
650 0 7 |a Hispanic American literature (Spanish)  |2 SNKPHeng  |9 430058 
650 0 7 |a dejiny hispánskoamerických literatúr  |2 SNKPH  |9 192056 
650 0 7 |a History of Hispanic American literature  |2 SNKPHeng  |9 524307 
655 7 |a monografie  |2 SNKPH  |9 70139 
655 7 |a Monographs  |2 SNKPHeng  |9 120675 
852 |a Slovenská národná knižnica 
919 |a 80-8052-061-5 
954 |a odborná, vedecká literatúra pôvodná (slovenská)  |2 lita 
958 |a OND 
958 |a TL 
958 |a NB 
999 |c 809201  |d 811131 
952 |t P60, <09>, [BOOK], {629}  |a SNK  |b SNK  |y NEVYP  |7 0  |o snkC 37  |i snk54/20000119  |0 0  |1 0  |4 0  |d 2000-01-17  |l 0  |r 2005-01-02 00:00:00  |w 2026-02-24 
952 |t P60, <03>, [BOOK], {603}  |a SNK  |b SNK  |y PREZ  |7 0  |p 17A0224540  |o snkSC 100563  |i snkKSP 617/2000  |0 0  |1 0  |4 0  |d 2000-01-17  |f 1  |l 0  |r 2025-09-19 00:00:00  |w 2026-02-24 
952 |t P60, <04>, [BOOK], {604}  |a SNK  |b SNK  |y VYP  |7 0  |p 17A0224541  |o snkSC 100563 D1  |i snkKSP 618/2000  |0 0  |1 0  |4 0  |d 2000-01-17  |l 0  |r 2005-01-02 00:00:00  |w 2026-02-24